[Event "Tournoi Skype 029B"]
[Site "Skype"]
[Date "????.??.??"]
[Round "2.60"]
[White "Castellanos Gonzalez, Mariano"]
[Black "Ruiz Aguilera, Juan Jesus"]
[Result "1-0"]
[WhiteElo "1000"]
[BlackElo "1083"]
[PlyCount "68"]

1. e4 e5 2. Nf3 Nc6 3. Bb5 d6 4. Bxc6+ bxc6 5. O-O Be7 6. d4 Be6 7. dxe5 dxe5
8. Nxe5 c5 9. Qxd8+ Rxd8 10. Nc6 Ra8 11. Nxe7 Nxe7 12. Be3 c4 13. Bc5 Nc6 14.
Nc3 a6 15. Rad1 Rd8 16. Nd5 Bxd5 17. exd5 Ne7 18. Rfe1 Rd7 19. d6 cxd6 20. Rxd6
f6 21. Rxd7 Kxd7 22. Rxe7+ Kc6 23. Ba3 Rd8 24. g3 Rd1+ 25. Kg2 Ra1 26. Rxg7
Rxa2 27. c3 h5 28. Rf7 Kb5 29. Rxf6 Ka4 30. Rxa6+ Kb3 31. Rb6+ Ka4 32. Rb4+ Ka5
33. Rxc4 Kb5 34. Rd4 Rxa3 1-0

[Event "Tournoi Skype 029B"]
[Site "Skype"]
[Date "????.??.??"]
[Round "2.61"]
[White "Colangelo, Michele"]
[Black "Gomez Caballero, Blas"]
[Result "0-1"]
[WhiteElo "1000"]
[BlackElo "1081"]
[PlyCount "92"]

1. c4 d5 2. d3 Nc6 3. Nc3 e6 4. cxd5 exd5 5. d4 h6 6. Nf3 Bb4 7. Bd2 Nf6 8. e3
Bg4 9. Be2 O-O 10. O-O Bxc3 11. bxc3 Bxf3 12. Bxf3 Re8 13. Re1 Ne4 14. Bxe4
Rxe4 15. a3 Qg5 16. h3 Rae8 17. Qf3 Qg6 18. Rab1 b6 19. Rb4 Na5 20. Rb5 Nc4 21.
Qe2 c6 22. f3 cxb5 23. fxe4 Qxe4 24. Rf1 Nxd2 25. Qxd2 Qxe3+ 26. Qf2 Qxf2+ 27.
Rxf2 Re3 28. Rf5 Rxc3 29. Rxd5 a6 30. Rd6 Rxa3 31. Rxb6 Rd3 32. Rxa6 Rxd4 33.
Rb6 b4 34. Kf2 h5 35. Ke3 Rc4 36. Kd3 Rh4 37. Rb8+ Kh7 38. Rb7 g5 39. Rxf7+ Kg6
40. Rb7 Kf5 41. Rb5+ Kf4 42. Rxb4+ Kg3 43. Rxh4 gxh4 44. Ke4 Kxg2 45. Kf5 Kxh3
46. Kg5 Kg3 0-1

[Event "Tournoi Skype 029B"]
[Site "Skype"]
[Date "????.??.??"]
[Round "2.62"]
[White "Baker, Abi"]
[Black "Da Silva, Jussara Maria"]
[Result "1-0"]
[WhiteElo "1079"]
[BlackElo "1000"]
[PlyCount "69"]

1. c4 e5 2. Nc3 Nc6 3. e4 Bc5 4. Nge2 Nf6 5. d3 Ng4 6. Be3 Bxe3 7. fxe3 Nxe3 8.
Qb3 Qf6 9. Nd5 Qh4+ 10. g3 Qd8 11. Nxe3 O-O 12. O-O-O d6 13. h4 Qf6 14. Nd5 Qf3
15. Rh2 Qe3+ 16. Nxe3 h5 17. Bg2 b6 18. Bf3 g6 19. g4 hxg4 20. Bxg4 Bxg4 21.
Nxg4 f5 22. c5+ Kg7 23. Ne3 f4 24. Ng4 f3 25. Ng3 Nd4 26. Qc3 Rf4 27. cxd6 Rxg4
28. Qxc7+ Kh6 29. d7 Rxg3 30. Qxe5 Ne2+ 31. Rxe2 fxe2 32. Qxg3 exd1=Q+ 33. Kxd1
Rd8 34. Qg5+ Kg7 35. Qxd8 1-0

[Event "Tournoi Skype 029B"]
[Site "Skype"]
[Date "????.??.??"]
[Round "2.63"]
[White "Huerta Lopez, Cesar Rogelio"]
[Black "Maccaferri, Massimo"]
[Result "1-0"]
[WhiteElo "1000"]
[BlackElo "1074"]
[PlyCount "31"]

1. e4 e5 2. Nf3 Nc6 3. Bb5 a6 4. Ba4 b5 5. Bb3 Nd4 6. Nxd4 exd4 7. O-O d6 8. c3
Qg5 9. cxd4 Bh3 10. g3 Bxf1 11. Kxf1 h5 12. Qf3 f6 13. e5 Rd8 14. Qc6+ Rd7 15.
e6 Ne7 16. Qxd7# 1-0

[Event "Tournoi Skype 029B"]
[Site "Skype"]
[Date "????.??.??"]
[Round "2.66"]
[White "Ladeia Pereira, Geraldo"]
[Black "Gerbaux, Regis"]
[Result "1-0"]
[WhiteElo "1000"]
[BlackElo "1062"]
[PlyCount "63"]

1. d4 d5 2. Bf4 Bf5 3. Nc3 e6 4. a3 Nc6 5. Nf3 Nf6 6. e3 Bd6 7. Ne5 O-O 8. g4
Bg6 9. h4 h5 10. Nxg6 fxg6 11. gxh5 gxh5 12. Be2 Qe8 13. Bxh5 Nxh5 14. Bxd6
cxd6 15. Rg1 Qf7 16. Qd2 e5 17. O-O-O exd4 18. Nb5 Rad8 19. Nxd4 Nxd4 20. exd4
Rde8 21. Rg4 Qxf2 22. Qg5 Re3 23. Qxh5 Re2 24. Qxd5+ Rf7 25. Qc4 Kh8 26. d5 Re1
27. Rgd4 Qe3+ 28. Kb1 Rxd1+ 29. Rxd1 Rf4 30. Qc8+ Kh7 31. h5 Rf6 32. Qg4 1-0

[Event "Tournoi Skype 029B"]
[Site "Skype"]
[Date "????.??.??"]
[Round "2.67"]
[White "Dib, Catherine"]
[Black "Fuentes, Francisco"]
[Result "1-0"]
[WhiteElo "1052"]
[BlackElo "1000"]
[PlyCount "83"]

1. Nf3 d6 2. c4 e5 3. d3 Nf6 4. g3 Be6 5. Bg2 Be7 6. Nbd2 h6 7. O-O c5 8. b3
Nc6 9. Bb2 O-O 10. a3 Bg4 11. Qc2 g6 12. e3 Nh5 13. d4 Bf5 14. Qc3 Qa5 15. b4
cxb4 16. axb4 Qc7 17. b5 Nd8 18. dxe5 Ne6 19. exd6 Bf6 20. Ne5 Qxd6 21. Ndf3 b6
22. Rfd1 Qc7 23. Rd5 Rfd8 24. Rad1 Nc5 25. h3 Be4 26. Ba3 Bxf3 27. Bxf3 Bxe5
28. Rxe5 Rxd1+ 29. Bxd1 Ng7 30. Bf3 Rd8 31. Rd5 Na4 32. Qd3 Rd6 33. Bxd6 Qd7
34. g4 Qe6 35. Be5 Nb2 36. Rd8+ Ne8 37. Bxb2 f6 38. Qxg6+ Kf8 39. Qxh6+ Kf7 40.
Bd5 Nc7 41. Bxe6+ Kxe6 42. Qxf6# 1-0

[Event "Tournoi Skype 029B"]
[Site "Skype"]
[Date "????.??.??"]
[Round "2.68"]
[White "Mantelli Filho, Artur"]
[Black "Yanez, Leticia Jorgelina"]
[Result "0-1"]
[WhiteElo "1000"]
[BlackElo "1051"]
[PlyCount "72"]

1. e4 e5 2. Nf3 Nc6 3. Bc4 Bc5 4. d3 Nf6 5. c3 d6 6. a4 Bg4 7. O-O Qd7 8. b4
Bb6 9. a5 d5 10. exd5 Nxd5 11. axb6 Nxb6 12. Bb5 Qf5 13. Qe1 Bxf3 14. gxf3 Qxf3
15. Nd2 Qg4+ 16. Kh1 O-O-O 17. Rg1 Qe6 18. Ne4 Qd5 19. c4 Qxd3 20. Bxc6 bxc6
21. Rxa7 Qxc4 22. Nc5 Rhe8 23. Ra8+ Nxa8 24. Rxg7 Rg8 25. Qxe5 Qxc1+ 26. Kg2
Rxg7+ 27. Qxg7 Qf4 28. Nd3 Qe4+ 29. f3 Qxd3 30. Qg3 Qd2+ 31. Kh3 Qxb4 32. Kg2
h5 33. h4 Kb7 34. f4 Qe4+ 35. Kh3 Qf5+ 36. Kg2 Rd2+ 0-1

[Event "Tournoi Skype 029B"]
[Site "Skype"]
[Date "????.??.??"]
[Round "2.69"]
[White "Hernandez Lopez, Joaquin"]
[Black "Grib, Jessica"]
[Result "1-0"]
[WhiteElo "1046"]
[BlackElo "1000"]
[PlyCount "61"]

1. d4 d5 2. Bf4 Nf6 3. e3 Bg4 4. Be2 Bh5 5. Bxh5 Nxh5 6. Qxh5 g6 7. Qd1 Bg7 8.
Nf3 Nd7 9. c3 O-O 10. g4 f6 11. g5 f5 12. Nbd2 Re8 13. Be5 Nxe5 14. Nxe5 Rf8
15. Nef3 f4 16. e4 Qd7 17. h4 dxe4 18. Nxe4 Qf5 19. Qd3 Rae8 20. h5 gxh5 21.
Rh4 Qg6 22. O-O-O e6 23. Rdh1 Kf7 24. Rxf4+ Ke7 25. Rxf8 Rxf8 26. Qe2 Rf5 27.
Nh4 Qf7 28. Nxf5+ exf5 29. Nf6+ Qe6 30. Qxh5 Qe3+ 31. fxe3 1-0

[Event "Tournoi Skype 029B"]
[Site "Skype"]
[Date "????.??.??"]
[Round "2.70"]
[White "Marroquin Mayhua, Silvia"]
[Black "Tinti, Jacopo"]
[Result "0-1"]
[WhiteElo "1000"]
[BlackElo "1044"]
[PlyCount "102"]

1. e4 c5 2. d3 e5 3. Nd2 Nf6 4. a3 Be7 5. Be2 d6 6. c4 Nc6 7. Ngf3 O-O 8. O-O
Bg4 9. Nb3 b6 10. Bd2 Qd7 11. h3 Bh5 12. Qc2 Bg6 13. Rfe1 Ne8 14. Nh4 Qe6 15.
Nxg6 Qxg6 16. Bg4 Nf6 17. Bf5 Qh5 18. Qd1 Qh4 19. Qf3 Nd4 20. Nxd4 cxd4 21. b4
g6 22. Qg3 Qxg3 23. fxg3 gxf5 24. exf5 Nh5 25. Bh6 Rfe8 26. Kf2 Bf8 27. Bd2 Bg7
28. g4 Nf4 29. Bxf4 exf4 30. Rxe8+ Rxe8 31. Kf3 Bh6 32. h4 Re3+ 33. Kf2 Rxd3
34. g5 Bf8 35. Re1 Rd2+ 36. Kf3 d3 37. Re4 Rc2 38. Kxf4 d2 39. Rd4 Rxc4 40.
Rxc4 d1=Q 41. g6 Bh6+ 42. Kg3 Qd3+ 43. Kg4 Qxc4+ 44. Kh3 Qf4 45. g3 Qxf5+ 46.
g4 Qxg6 47. g5 Qd3+ 48. Kg4 Bg7 49. h5 Qe4+ 50. Kh3 Qf5+ 51. Kh4 Qf4+ 0-1

[Event "Tournoi Skype 029B"]
[Site "Skype"]
[Date "????.??.??"]
[Round "2.71"]
[White "Santamaria Garcia, Jesus"]
[Black "Martins, Rodrigo Baldo"]
[Result "1-0"]
[WhiteElo "1041"]
[BlackElo "1000"]
[PlyCount "83"]

1. d4 d5 2. c4 e6 3. cxd5 exd5 4. e3 Nf6 5. Bd3 a6 6. Nc3 Be7 7. Nf3 Bg4 8. h3
Bh5 9. g4 Bg6 10. Ne5 Bxd3 11. Qxd3 Bd6 12. f4 O-O 13. g5 Nbd7 14. Nxd7 Nxd7
15. Nxd5 g6 16. Bd2 c6 17. Nc3 Nc5 18. dxc5 Be7 19. Qxd8 Raxd8 20. b4 Rd7 21.
O-O-O f6 22. Ne4 fxg5 23. Nxg5 Rf6 24. Bc3 Rf5 25. Rxd7 Bxg5 26. fxg5 Rxg5 27.
Rf1 Rf5 28. Rxf5 gxf5 29. Rxb7 Kf8 30. Rc7 h5 31. Rxc6 a5 32. bxa5 Ke7 33. a6
Kd7 34. Rh6 Kc7 35. a7 Kb7 36. Rh7+ Ka8 37. Rxh5 Kxa7 38. Rxf5 Ka6 39. c6 Kb6
40. Rf6 Kc7 41. a4 Kb6 42. a5+ 1-0

[Event "Tournoi Skype 029B"]
[Site "Skype"]
[Date "????.??.??"]
[Round "2.72"]
[White "Marty, Yvette"]
[Black "Gomez Zuluaga, Jorge Adiel"]
[Result "0-1"]
[WhiteElo "1000"]
[BlackElo "1036"]
[PlyCount "28"]

1. e4 c5 2. d3 e6 3. Nf3 Nc6 4. Nc3 a6 5. a4 h6 6. d4 Qc7 7. d5 exd5 8. exd5
Ne5 9. g3 Nxf3+ 10. Qxf3 Nf6 11. d6 Bxd6 12. Ne4 Nxe4 13. Qxe4+ Be7 14. Qg4 g5
0-1

[Event "Tournoi Skype 029B"]
[Site "Skype"]
[Date "????.??.??"]
[Round "2.73"]
[White "Rodriguez Tovar, Liliana"]
[Black "Mendoza Oporta, Esmerling Antonio"]
[Result "1-0"]
[WhiteElo "1036"]
[BlackElo "1000"]
[PlyCount "61"]

1. d4 d5 2. Nf3 Nf6 3. e3 e6 4. Bd3 Bd6 5. Nbd2 Nc6 6. c3 O-O 7. e4 e5 8. dxe5
Nxe5 9. Nxe5 Bxe5 10. O-O dxe4 11. Nxe4 Nxe4 12. Bxe4 Qxd1 13. Rxd1 Bg4 14. f3
f5 15. Bd3 Bh5 16. Be3 Rad8 17. Bc4+ Kh8 18. Bxa7 Bf4 19. Bc5 Rxd1+ 20. Rxd1
Re8 21. Bd3 Bg6 22. a4 Ra8 23. Bc2 b6 24. Be7 Bd6 25. Bxd6 cxd6 26. Rxd6 b5 27.
axb5 Ra1+ 28. Kf2 Kg8 29. b6 Rc1 30. Bb3+ Bf7 31. Rd8# 1-0

[Event "Tournoi Skype 029B"]
[Site "Skype"]
[Date "????.??.??"]
[Round "2.74"]
[White "Molina, Maria Lucia"]
[Black "Guillen Andrinal, Pablo"]
[Result "0-1"]
[WhiteElo "1000"]
[BlackElo "1024"]
[PlyCount "70"]

1. Nf3 g6 2. c4 Bg7 3. Nc3 Nf6 4. d4 O-O 5. Bg5 h6 6. Bf4 d5 7. Nb5 c6 8. Nc7
Na6 9. Nxa8 b6 10. Nc7 Nxc7 11. e3 e6 12. g3 Re8 13. Be2 Ba6 14. O-O Nh5 15.
Bxc7 Qxc7 16. e4 dxe4 17. g4 exf3 18. Bxf3 Bxc4 19. gxh5 Bxf1 20. Qxf1 Bxd4 21.
Qb1 Qf4 22. Qd1 Be5 23. Bxc6 Qxh2+ 24. Kf1 Qh1+ 25. Ke2 Qxd1+ 26. Kxd1 Rd8+ 27.
Kc1 Rc8 28. Kd2 Rxc6 29. Rc1 Rxc1 30. Kxc1 Bf6 31. Kb1 gxh5 32. f4 h4 33. Kc1
h3 34. Kd1 h2 35. Ke1 h1=Q+ 0-1

[Event "Tournoi Skype 029B"]
[Site "Skype"]
[Date "????.??.??"]
[Round "2.76"]
[White "Piedra, Rosa"]
[Black "Hernandez, Ivan"]
[Result "1-0"]
[WhiteElo "1000"]
[BlackElo "1022"]
[PlyCount "109"]

1. e4 e6 2. Nf3 g6 3. d4 Bg7 4. Bg5 Ne7 5. Bc4 O-O 6. Qd2 c6 7. O-O b5 8. Bb3
Bb7 9. e5 Qb6 10. Bxe7 Re8 11. Bh4 c5 12. Qf4 c4 13. Bg5 cxb3 14. cxb3 d6 15.
exd6 Nd7 16. Ne5 f5 17. Nxd7 e5 18. Qg3 Qxd6 19. Nf6+ Bxf6 20. Bxf6 Qxf6 21.
dxe5 f4 22. exf6 fxg3 23. Nc3 Kf7 24. hxg3 Re6 25. Ne4 Bxe4 26. Rfe1 Kxf6 27.
f3 Bd3 28. g4 Rae8 29. Rad1 Rxe1+ 30. Rxe1 Rxe1+ 31. Kf2 Re2+ 32. Kf1 Rxg2+ 33.
Kxg2 g5 34. Kf2 Ke5 35. Ke3 Bf1 36. b4 a5 37. bxa5 b4 38. b3 h5 39. gxh5 Kf6
40. Kf2 Bd3 41. Kg3 Kg7 42. Kg4 Kh6 43. f4 gxf4 44. Kxf4 Kxh5 45. Ke3 Ba6 46.
Kd4 Kg6 47. Kc5 Kf7 48. Kxb4 Ke7 49. Kc5 Kd7 50. Kb6 Bd3 51. a4 Kc8 52. a6 Be4
53. a7 Bb7 54. a5 Bc6 55. Kxc6 1-0

[Event "Tournoi Skype 029B"]
[Site "Skype"]
[Date "????.??.??"]
[Round "2.77"]
[White "Mira Poveda, Jose Antonio"]
[Black "Rodriguez, Gisselle"]
[Result "1-0"]
[WhiteElo "1021"]
[BlackElo "1000"]
[PlyCount "83"]

1. e4 Nc6 2. d4 e5 3. d5 Bb4+ 4. c3 Nge7 5. dxc6 Nxc6 6. cxb4 O-O 7. Bd2 d6 8.
Nf3 Bd7 9. Nc3 Qf6 10. Nd5 Qe6 11. Nxc7 Qe7 12. Bg5 f6 13. Nxa8 fxg5 14. Bc4+
Be6 15. Bxe6+ Qxe6 16. Nc7 Qg4 17. Qd5+ Rf7 18. h3 Qd7 19. Nxg5 Qe7 20. Nxf7
Qxf7 21. Qxc6 bxc6 22. O-O-O Qxc7 23. Rd2 c5 24. Rc2 a5 25. bxc5 dxc5 26. Rd1
g5 27. Rd5 h5 28. Rcxc5 Qf7 29. Rxe5 g4 30. Rf5 Qg7 31. Rc8+ Kh7 32. hxg4 hxg4
33. f4 Kg6 34. Rg5+ Kf6 35. Rxg7 Kxg7 36. f5 Kf7 37. Rc6 Ke7 38. f6+ Kd7 39.
Ra6 a4 40. e5 Ke8 41. e6 g3 42. Ra8# 1-0

[Event "Tournoi Skype 029B"]
[Site "Skype"]
[Date "????.??.??"]
[Round "2.78"]
[White "Rodgerson, Michael"]
[Black "Torres, Vicky"]
[Result "0-1"]
[WhiteElo "1000"]
[BlackElo "1020"]
[PlyCount "62"]

1. d4 d5 2. Nf3 Nc6 3. e3 Bf5 4. Bd3 Bxd3 5. Qxd3 Nf6 6. O-O e6 7. Nbd2 Qd7 8.
Re1 O-O-O 9. b3 Nb4 10. Qc3 Bd6 11. Bb2 Ne4 12. a3 Be7 13. Rab1 Nxd2 14. Nxd2
Nc6 15. b4 Bf6 16. b5 Ne7 17. e4 dxe4 18. Rxe4 Qxb5 19. d5 Bxc3 20. Bxc3 Qxd5
21. Be5 Qxd2 22. h3 Qxc2 23. Rb5 Qxe4 24. Rc5 Nd5 25. Bxg7 Rhe8 26. a4 Qe1+ 27.
Kh2 Qxf2 28. h4 Qxc5 29. Be5 Ne3 30. Bxc7 Qxc7+ 31. Kh3 Rd3 0-1

[Event "Tournoi Skype 029B"]
[Site "Skype"]
[Date "????.??.??"]
[Round "2.79"]
[White "Kumbhar, Ashok"]
[Black "Souza, Jeferson De Oliveira"]
[Result "1-0"]
[WhiteElo "1018"]
[BlackElo "1000"]
[PlyCount "67"]

1. e4 e5 2. Nf3 Nc6 3. Bb5 Nd4 4. Nxd4 exd4 5. O-O Qf6 6. d3 h6 7. Nd2 c6 8. e5
Qxe5 9. Re1 Bd6 10. Rxe5+ Bxe5 11. Bc4 d5 12. Bb3 Nf6 13. Qe1 O-O 14. Qxe5 Bg4
15. Qg3 Rae8 16. f3 Nh5 17. Qxg4 Re1+ 18. Kf2 Rfe8 19. Qxh5 R8e2+ 20. Kg3 Rg1
21. Kf4 Rgxg2 22. Nf1 g5+ 23. Kf5 Kg7 24. Bd2 f6 25. Qg6+ Kf8 26. Qxh6+ Ke7 27.
Re1 Rxe1 28. Bxe1 Re2 29. Qxf6+ Kd7 30. Bg3 Re6 31. Qxe6+ Kd8 32. Bd6 a5 33.
Qe7+ Kc8 34. Qc7# 1-0

[Event "Tournoi Skype 029B"]
[Site "Skype"]
[Date "????.??.??"]
[Round "2.80"]
[White "Moraga Vasquez, Michael"]
[Black "Talarico, Izabel"]
[Result "1-0"]
[WhiteElo "1008"]
[BlackElo "1000"]
[PlyCount "27"]

1. e4 e5 2. Nf3 Nc6 3. Bc4 Bc5 4. c3 d6 5. d4 Bb6 6. O-O Nf6 7. Re1 O-O 8. Bg5
Qe7 9. Nbd2 Nh5 10. Bxe7 Re8 11. Ng5 Na5 12. Qxh5 Rxe7 13. Qxh7+ Kf8 14. Qh8#
1-0

[Event "Tournoi Skype 029B"]
[Site "Skype"]
[Date "????.??.??"]
[Round "3.1"]
[White "Barba Cepeda, Julio Cesar"]
[Black "Harmelle, Dominique"]
[Result "0-1"]
[WhiteElo "1204"]
[BlackElo "1402"]
[PlyCount "90"]

1. e4 c5 2. Nf3 Nc6 3. c3 e6 4. d4 cxd4 5. cxd4 a6 6. Bd3 Nf6 7. Nc3 Be7 8. a3
d6 9. O-O O-O 10. d5 Ne5 11. Nxe5 dxe5 12. dxe6 Bxe6 13. Bg5 b5 14. Qe2 h6 15.
Bh4 Qb6 16. Rad1 Bg4 17. Nd5 Bxe2 18. Nxb6 Bxf1 19. Nxa8 Bxd3 20. Rxd3 Rxa8 21.
f3 Rc8 22. Rd2 Rc1+ 23. Kf2 Bc5+ 24. Kg3 g5 25. Bxg5 hxg5 26. h3 Be3 27. Re2
Bf4+ 28. Kf2 Nh5 29. g4 Ng3 30. Re1 Rc2+ 31. Kg1 Ne2+ 32. Kf1 Nd4 33. Rb1 Nxf3
34. Rd1 Nd2+ 35. Ke2 Nxe4+ 36. Kd3 Rd2+ 37. Kxe4 Rxd1 38. b3 a5 39. a4 bxa4 40.
bxa4 Rd4+ 41. Kf5 Rxa4 42. Kf6 e4 43. Kf5 e3 44. h4 e2 45. hxg5 e1=Q 0-1

[Event "Tournoi Skype 029B"]
[Site "Skype"]
[Date "????.??.??"]
[Round "3.2"]
[White "Conde, Carmen"]
[Black "Munoz Gonzalez, Martin"]
[Result "0-1"]
[WhiteElo "1188"]
[BlackElo "1400"]
[PlyCount "48"]

1. e4 e6 2. d4 d5 3. Bd3 dxe4 4. Bxe4 Nf6 5. Bf3 c6 6. a3 e5 7. Be3 e4 8. Be2
Nd5 9. Bd2 Qf6 10. Nc3 Qxd4 11. Nxd5 Qxd5 12. b3 Bc5 13. Bc4 Qd8 14. Qe2 O-O
15. Qh5 Qf6 16. Qxc5 Qxa1+ 17. Ke2 Nd7 18. Qe7 Qe5 19. Qh4 Nb6 20. Bf4 Qb2 21.
Bd6 Qxc2+ 22. Ke1 Nxc4 23. Bxf8 Qd2+ 24. Kf1 Qd1# 0-1

[Event "Tournoi Skype 029B"]
[Site "Skype"]
[Date "????.??.??"]
[Round "3.3"]
[White "Escudero Ocana, Francisco"]
[Black "Alarcon Alarcon, Marina"]
[Result "1-0"]
[WhiteElo "1395"]
[BlackElo "1198"]
[PlyCount "154"]

1. e4 e5 2. Nf3 Nc6 3. Bb5 Nf6 4. d3 Be7 5. Bxc6 dxc6 6. Nxe5 Qd4 7. Nf3 Qc5 8.
O-O Bg4 9. c3 O-O 10. Re1 Qh5 11. Nbd2 h6 12. h3 Be6 13. d4 Rad8 14. e5 Nd5 15.
Ne4 Qg6 16. c4 Bxh3 17. Ng3 Bg4 18. cxd5 Rxd5 19. Be3 Rfd8 20. Qb3 Bxf3 21.
gxf3 b5 22. Rad1 Bh4 23. Kg2 a5 24. Qc3 Be7 25. Re2 c5 26. Red2 b4 27. Qd3 cxd4
28. Qxg6 fxg6 29. Rxd4 Rxd4 30. Rxd4 Rxd4 31. Bxd4 Kf7 32. Ne4 g5 33. Kg3 g6
34. Kg4 Ke6 35. Nf6 c5 36. Be3 Kxe5 37. Nd7+ Kd5 38. b3 c4 39. Nb6+ Kc6 40.
Nxc4 Kb5 41. f4 h5+ 42. Kg3 gxf4+ 43. Bxf4 g5 44. Nd6+ Kc6 45. Nf5 gxf4+ 46.
Kxf4 Bf6 47. Ne3 Kb5 48. Kg3 a4 49. f4 Bd4 50. Nc4 axb3 51. axb3 Kc5 52. Kh4
Bh8 53. f5 Kd5 54. Kxh5 Bf6 55. Kg6 Be7 56. f6 Bc5 57. Kf7 Kd4 58. Ke8 Kc3 59.
Na5 Kd4 60. f7 Kd5 61. f8=Q Bxf8 62. Kxf8 Kc5 63. Ke7 Kb5 64. Nc4 Kc6 65. Ke6
Kb5 66. Kd5 Ka6 67. Kc5 Kb7 68. Kxb4 Kb8 69. Ka5 Kb7 70. b4 Ka7 71. Nd6 Ka8 72.
Ka6 Kb8 73. b5 Ka8 74. b6 Kb8 75. Nc4 Ka8 76. b7+ Kb8 77. Nd6 Kc7 1-0

[Event "Tournoi Skype 029B"]
[Site "Skype"]
[Date "????.??.??"]
[Round "3.4"]
[White "Llabres, Sergio"]
[Black "Scata, Laura"]
[Result "1-0"]
[WhiteElo "1187"]
[BlackElo "1366"]
[PlyCount "135"]

1. d4 c6 2. Nf3 d5 3. e3 Nf6 4. b3 Bf5 5. Bd3 Bxd3 6. cxd3 Nbd7 7. Bb2 g6 8.
Nbd2 Bg7 9. e4 dxe4 10. dxe4 O-O 11. e5 Nd5 12. O-O e6 13. a3 c5 14. Re1 a6 15.
Rc1 Rc8 16. b4 cxb4 17. Rxc8 Qxc8 18. axb4 Nxb4 19. Ba3 a5 20. Qb3 Rd8 21. Bxb4
axb4 22. Qxb4 Bf8 23. Qb2 b6 24. Ng5 Qa6 25. Ndf3 b5 26. Ne4 Rc8 27. h3 b4 28.
Ra1 Qb5 29. Ned2 Nb6 30. Ng5 Rd8 31. Nge4 Qd3 32. Nf6+ Kh8 33. Nf3 Nd5 34. Nxd5
Rxd5 35. Rc1 Rd8 36. Rc2 Qa3 37. Qb1 Qd3 38. Qb2 Qa3 39. Qb1 Qd3 40. Qc1 Qa3
41. Qd2 b3 42. Rb2 Rb8 43. Qc1 Qa4 44. Nd2 Ba3 45. Nxb3 Bxb2 46. Qxb2 Rxb3 47.
Qc2 Rb4 48. Qc8+ Kg7 49. Qd8 Rxd4 50. Qf6+ Kf8 51. Qh8+ Ke7 52. Qxh7 Re4 53.
Qg7 Qd4 54. Qf6+ Kd7 55. Qxf7+ Kc8 56. Qxe6+ Qd7 57. Qa6+ Kc7 58. Qa7+ Kd8 59.
Qa8+ Ke7 60. Qxe4 Ke6 61. f4 Qd1+ 62. Kh2 Qd2 63. Qxg6+ Ke7 64. Qf6+ Ke8 65. e6
Qd6 66. Qf7+ Kd8 67. h4 Qc7 68. Qf8# 1-0

[Event "Tournoi Skype 029B"]
[Site "Skype"]
[Date "????.??.??"]
[Round "3.5"]
[White "De Coninck, Philippe"]
[Black "Lopes, Marcia Maria"]
[Result "1-0"]
[WhiteElo "1173"]
[BlackElo "1363"]
[PlyCount "123"]

1. e4 c5 2. Bc4 d6 3. f4 e6 4. a3 Nc6 5. Ba2 Nf6 6. d3 Be7 7. g4 h5 8. g5 Nd7
9. h4 g6 10. Nf3 Nb6 11. Be3 Bd7 12. Nc3 Qc7 13. Qd2 O-O-O 14. O-O-O Kb8 15. d4
Rhf8 16. d5 exd5 17. Nxd5 Nxd5 18. Bxd5 Bg4 19. Rhf1 Rc8 20. Qc3 f6 21. Bg1 Qa5
22. Qxa5 Nxa5 23. Rd3 Rc7 24. e5 fxe5 25. fxe5 Rfc8 26. exd6 Bxd6 27. Ba2 Bg3
28. Rfd1 c4 29. Rc3 Bxf3 30. Rxf3 Bxh4 31. Bh2 Bxg5+ 32. Kb1 b5 33. Bxc7+ Rxc7
34. Rd5 Bh4 35. Rxb5+ Nb7 36. Rf4 a6 37. Rb6 Re7 38. c3 Ka7 39. Rxg6 Be1 40.
Rxc4 h4 41. Ra4 Nc5 42. Ra5 Bf2 43. b4 Ne4 44. Raxa6+ Kb8 45. Rgb6+ Bxb6 46.
Rxb6+ Ka7 47. Rh6 Nxc3+ 48. Kb2 Na4+ 49. Kb3 Nb6 50. Rxh4 Re3+ 51. Kb2 Ka6 52.
Bc4+ Nxc4+ 53. Rxc4 Kb5 54. Rc5+ Kb6 55. Rc3 Re5 56. Kb3 Re4 57. a4 Re1 58. a5+
Ka6 59. Kc4 Re4+ 60. Kb3 Re1 61. Rc6+ Kb5 62. Rb6# 1-0

[Event "Tournoi Skype 029B"]
[Site "Skype"]
[Date "????.??.??"]
[Round "3.6"]
[White "Rodriguez, Nathalie"]
[Black "Amato, Ludovica"]
[Result "0-1"]
[WhiteElo "1167"]
[BlackElo "1346"]
[PlyCount "100"]

1. d4 d5 2. Bf4 c5 3. e3 Nc6 4. Nf3 Nf6 5. Nc3 a6 6. a3 h6 7. Be2 Bf5 8. Bd3
Bxd3 9. Qxd3 e6 10. Bg3 Be7 11. O-O O-O 12. Ne5 Nxe5 13. Bxe5 Qd7 14. h3 Rac8
15. Ne2 Ne4 16. f3 Nd6 17. b3 c4 18. Qc3 cxb3 19. Qxb3 Nc4 20. Qd3 Bxa3 21.
Rab1 Bd6 22. Bxd6 Nxd6 23. c3 Rc4 24. Qd2 Rfc8 25. Rb3 R8c7 26. Rfb1 Qc8 27.
Qc2 b5 28. g4 a5 29. Kg2 b4 30. Qd3 Rb7 31. Kg3 bxc3 32. Nxc3 Rxb3 33. Rxb3 Rb4
34. Rxb4 axb4 35. Ne2 Qc4 36. Qxc4 Nxc4 37. Kf4 Nd2 38. Kg3 b3 39. Nc3 b2 40.
Kf2 b1=Q 41. Nxb1 Nxb1 42. Kg3 Kf8 43. Kf4 Ke7 44. h4 f6 45. Kg3 Kd6 46. h5 Nd2
47. Kf2 Kc6 48. Ke2 Nc4 49. Kd3 Kb5 50. Kc3 Nxe3 0-1

[Event "Tournoi Skype 029B"]
[Site "Skype"]
[Date "????.??.??"]
[Round "3.7"]
[White "Lago Carballo, Maria Del Carmen"]
[Black "Yepez, German"]
[Result "1/2-1/2"]
[WhiteElo "1328"]
[BlackElo "1191"]
[PlyCount "80"]

1. e4 d5 2. exd5 Qxd5 3. Nc3 Qa5 4. d4 c6 5. Bd2 Qc7 6. Nf3 Bg4 7. h3 Bf5 8.
Be3 Nf6 9. Bd3 Bd7 10. Qd2 e6 11. Ne4 Nd5 12. Bg5 h6 13. Bh4 f5 14. Nc5 Bxc5
15. dxc5 O-O 16. Bg3 f4 17. Bh2 e5 18. c4 Nf6 19. Qc3 e4 20. Be2 exf3 21. Qxf3
g5 22. Qd3 Kg7 23. Qd4 Kg6 24. Bd3+ Bf5 25. O-O Bxd3 26. Qxd3+ Kg7 27. Qc3 Nbd7
28. g3 fxg3 29. Bxg3 Qd8 30. Rad1 Qe7 31. Bd6 Qf7 32. Bxf8+ Rxf8 33. Rd6 Kg8
34. Re1 Ne8 35. Rd2 Ndf6 36. Rde2 Qg6 37. Re7 g4 38. Qg3 Ng7 39. f3 Nf5 40. Qg2
Nxe7 1/2-1/2

[Event "Tournoi Skype 029B"]
[Site "Skype"]
[Date "????.??.??"]
[Round "3.9"]
[White "Vervoort, Jean-Louis"]
[Black "Barrionuevo, Hilario"]
[Result "1-0"]
[WhiteElo "1273"]
[BlackElo "1132"]
[PlyCount "53"]

1. d4 d5 2. Bf4 a6 3. e3 Nf6 4. Bd3 Bg4 5. Nf3 g6 6. h3 Bf5 7. Bxf5 gxf5 8. O-O
Nbd7 9. c3 e6 10. Nbd2 Bd6 11. Bxd6 cxd6 12. Qb3 Rb8 13. c4 h5 14. cxd5 Nxd5
15. Nc4 N7f6 16. Qa3 Kf8 17. Nxd6 b5 18. Nb7+ Ke8 19. Nxd8 Rxd8 20. Qxa6 Nc7
21. Qc6+ Rd7 22. Qb7 Ncd5 23. Qxb5 Ng4 24. hxg4 hxg4 25. Ne5 Nf6 26. Nxd7 Nxd7
27. Rac1 1-0

[Event "Tournoi Skype 029B"]
[Site "Skype"]
[Date "????.??.??"]
[Round "3.10"]
[White "Funez, Lilian"]
[Black "Battaglia, Gabriele"]
[Result "1/2-1/2"]
[WhiteElo "1088"]
[BlackElo "1271"]
[PlyCount "140"]

1. e4 c5 2. Nf3 g6 3. d4 cxd4 4. Nxd4 Bg7 5. Nc3 Nc6 6. Nxc6 bxc6 7. Bc4 Nf6 8.
O-O O-O 9. Qf3 Qc7 10. Bf4 e5 11. Bg5 Qd8 12. Na4 d6 13. Rfe1 h6 14. Bh4 g5 15.
Bg3 Nh5 16. Qxh5 Qe7 17. Qf3 Bd7 18. h3 Rab8 19. Bb3 c5 20. Nc3 Rfc8 21. Nd5
Qf8 22. Nf6+ Bxf6 23. Qxf6 c4 24. Bxc4 Rxc4 25. c3 Rxb2 26. Rad1 Rc6 27. f4
gxf4 28. Bf2 a5 29. Re3 fxe3 30. Bxe3 Rxc3 31. Bxh6 Rg3 32. Bxf8 Rbxg2+ 33. Kf1
Rg1+ 34. Kf2 Rg6 35. Qd8 Rxd1 36. Be7+ Kh7 37. Qxd7 Rd2+ 38. Ke3 Rd4 39. Qf5
Kg8 40. Qd7 Rg3+ 41. Kf2 Rxh3 42. Qxh3 Rxe4 43. Qg3+ Kh7 44. Qh2+ Kg8 45. Bxd6
Rd4 46. Bxe5 Rd2+ 47. Kg3 Rxh2 48. Kxh2 Kf8 49. a4 Ke7 50. Bc7 Kd7 51. Bxa5 Kc6
52. Bc3 Kb6 53. a5+ Ka6 54. Kg3 Kb5 55. Kf4 Ka6 56. Ke5 Kb5 57. Kf6 Ka6 58.
Kxf7 Kb7 59. Kf6 Ka6 60. Ke6 Ka7 61. Kd6 Kb7 62. Kc5 Ka6 63. Kc6 Ka7 64. Bb4
Ka6 65. Bc3 Ka7 66. Kb5 Ka8 67. a6 Ka7 68. Bd4+ Ka8 69. Kb6 Kb8 70. a7+ Ka8
1/2-1/2

[Event "Tournoi Skype 029B"]
[Site "Skype"]
[Date "????.??.??"]
[Round "3.12"]
[White "Sanchez Padilla, Armando Edilber"]
[Black "Tolaro, Filippa"]
[Result "1-0"]
[WhiteElo "1240"]
[BlackElo "1086"]
[PlyCount "53"]

1. e4 c6 2. c4 d5 3. cxd5 cxd5 4. e5 Bf5 5. d4 e6 6. Bb5+ Nc6 7. Qa4 Nge7 8.
Bg5 Qc7 9. Nd2 h6 10. Bh4 g5 11. Bg3 a6 12. Rc1 Bg7 13. Ngf3 O-O 14. Be2 g4 15.
Nh4 b5 16. Qb3 f6 17. exf6 Bxf6 18. Bxc7 Nxd4 19. Qd1 Bxh4 20. Bxg4 Rac8 21.
Bxf5 exf5 22. O-O Ndc6 23. Bf4 Kh7 24. Qh5 Rf6 25. Qxh4 Rcf8 26. Nf3 Ng6 27.
Qxh6+ 1-0